00460nam a2200157Ia 45000010006000000050017000060080041000230410008000640820022000721000052000942450118001462600009002643000013002736500008002866540008002942475120260414151104.0260414t2012||||xx |||||||||||||| ||spa|| aESP a345.731JbF19 T.2 aMosquera Vásquez, Clara Celinda (coord.)eAUT 0aFallos de los Juzgado de Paz Letrado de aplicación práctica :basuntos no tratados a nivel superior y supremo c2012 ac24 cm. aDER aCDE